00425 2200169 4500245005000000020002200050250001000072100001400082700001800096650002200114005001900136260004100155041001400196084001100210300002500221336000900246 aMake Nothing to be SomethingcAmi LubishText a978-623-00-3243-1 acek.1 aAmi Lubis aYuliana Masda aPengembangan Diri a20241007141529 aJakartabElex Media Komputindoc2022 aIndonesia a155.25 aix,163 hlm. :c21 cm atext